[Event "Steinfurt Bezirksliga 1819"]
[Site "Germany"]
[Date "2019.03.30"]
[Round "9.5"]
[White "Carstensen, Jens"]
[Black "Lachmuth, Mathias"]
[Result "0-1"]
[WhiteElo "1668"]
[BlackElo "1680"]
[PlyCount "92"]
[EventDate "2018.09.01"]
[EventType "team-tourn"]
[EventRounds "10"]
[EventCountry "GER"]
[SourceTitle "EXT 2020"]
[Source "ChessBase"]
[SourceDate "2019.10.17"]
[SourceVersion "1"]
[SourceVersionDate "2019.10.17"]
[SourceQuality "1"]
[WhiteTeam "Neuenkirchen"]
[BlackTeam "Reckenfeld"]
[WhiteTeamCountry "GER"]
[BlackTeamCountry "GER"]

1. d4 Nf6 2. Nf3 e6 3. Nbd2 d5 4. e3 Be7 5. Bd3 b6 6. 0-0 0-0 7. e4 dxe4 8. Nxe4 Bb7 9. Qe2 Nbd7 10. Rd1 Rc8 11. Bf4 Nh5 12. Bg3 Nxg3 13. Nxg3 Nf6 14. c3 Bxf3 15. Qxf3 Qd5 16. Qe2 Qg5 17. Bc4 Bd6 18. Ne4 Bxh2+ 19. Kf1 Nxe4 20. Qxe4 Bd6 21. Rd3 Qf4 22. Qe2 c5 23. Rf3 Qg4 24. d5 e5 25. Bd3 f5 26. Bc2 e4 27. Rh3 Qxe2+ 28. Kxe2 b5 29. a4 b4 30. c4 Be5 31. Rb1 Rce8 32. b3 Bd4 33. Rbh1 h6 34. Rh5 f4 35. R1h3 f3+ 36. gxf3 exf3+ 37. Kd3 Bxf2 38. Bd1 Re3+ 39. Kc2 Rc3+ 40. Kb1 Bd4 41. Bxf3 Rxb3+ 42. Kc2 Rc3+ 43. Kb1 Rfxf3 44. Rxf3 Rxf3 45. d6 Rf7 46. Rd5 Rd7 0-1

[Event "Steinfurt Bezirksliga 1819"]
[Site "Germany"]
[Date "2019.02.16"]
[Round "7.5"]
[White "Peters, Tobias1111"]
[Black "Lachmuth, Mathias"]
[Result "1/2-1/2"]
[WhiteElo "1571"]
[BlackElo "1680"]
[PlyCount "49"]
[EventDate "2018.09.01"]
[EventType "team-tourn"]
[EventRounds "10"]
[EventCountry "GER"]
[SourceTitle "EXT 2020"]
[Source "ChessBase"]
[SourceDate "2019.10.17"]
[SourceVersion "1"]
[SourceVersionDate "2019.10.17"]
[SourceQuality "1"]
[WhiteTeam "Emsdetten Rochade IV"]
[BlackTeam "Reckenfeld"]
[WhiteTeamCountry "GER"]
[BlackTeamCountry "GER"]

1. e4 a6 2. a4 e5 3. Nf3 Nf6 4. Nc3 Nc6 5. Bc4 Bb4 6. 0-0 0-0 7. d3 h6 8. Ne2 d6 9. Ng3 Bg4 10. h3 Bxf3 11. Qxf3 Nd4 12. Qd1 Ba5 13. c3 Nc6 14. Qf3 Rb8 15. Nf5 Kh7 16. Qg3 Ne8 17. Kh1 Ne7 18. f4 Nxf5 19. exf5 d5 20. Bb3 exf4 21. Bxf4 Rc8 22. d4 c6 23. Bc2 Nf6 24. Be5 Bc7 25. Bxc7 1/2-1/2

[Event "Steinfurt Bezirksliga 1819"]
[Site "Germany"]
[Date "2019.01.26"]
[Round "6.4"]
[White "Lachmuth, Mathias"]
[Black "Bloem, Markus"]
[Result "1/2-1/2"]
[WhiteElo "1680"]
[BlackElo "1533"]
[PlyCount "48"]
[EventDate "2018.09.01"]
[EventType "team-tourn"]
[EventRounds "10"]
[EventCountry "GER"]
[SourceTitle "EXT 2020"]
[Source "ChessBase"]
[SourceDate "2019.10.17"]
[SourceVersion "1"]
[SourceVersionDate "2019.10.17"]
[SourceQuality "1"]
[WhiteTeam "Reckenfeld"]
[BlackTeam "Ibbenbueren II"]
[WhiteTeamCountry "GER"]
[BlackTeamCountry "GER"]

1. Nf3 d5 2. b3 Nf6 3. e3 Bg4 4. Be2 e5 5. Bb2 Be7 6. 0-0 0-0 7. d4 Bxf3 8. Bxf3 Nbd7 9. Nd2 Rc8 10. c4 c6 11. e4 dxe4 12. Nxe4 Nxe4 13. Bxe4 Nf6 14. Bc2 Qc7 15. Qf3 Qa5 16. a3 Qd2 17. Rac1 Rfd8 18. Bc3 Qg5 19. b4 b5 20. c5 Nd5 21. Bb2 Bf6 22. Rcd1 Ne7 23. Qe3 Qh4 24. Qe4 Qh5 1/2-1/2

[Event "Steinfurt Bezirksliga 1314"]
[Site "Germany"]
[Date "2014.03.22"]
[Round "7.3"]
[White "Lachmuth, Mathias"]
[Black "Meinert, Dominik"]
[Result "1-0"]
[WhiteElo "1719"]
[BlackElo "1573"]
[PlyCount "39"]
[EventDate "2013.09.14"]
[EventType "team-tourn"]
[EventRounds "9"]
[EventCountry "GER"]
[SourceTitle "EXT 2015"]
[Source "ChessBase"]
[SourceDate "2014.11.20"]
[SourceVersion "1"]
[SourceVersionDate "2014.11.20"]
[SourceQuality "1"]
[WhiteTeam "Emsdetten Rochade II"]
[BlackTeam "Steinfurt II"]
[WhiteTeamCountry "GER"]
[BlackTeamCountry "GER"]

1. Nf3 Nc6 2. d4 d5 3. e3 Nf6 4. b3 Bg4 5. Be2 e6 6. Bb2 Bd6 7. Nbd2 0-0 8. 0-0 Re8 9. h3 Bh5 10. c4 b6 11. cxd5 Nxd5 12. Bb5 Qd7 13. Rc1 Nde7 14. Qc2 Nb4 15. Bxd7 Nxc2 16. Bxe8 Rxe8 17. Rxc2 f5 18. Nc4 Bxf3 19. Nxd6 cxd6 20. gxf3 1-0

[Event "Muensterland Verbandsklasse-B 1213"]
[Site "Germany"]
[Date "2012.10.20"]
[Round "2.8"]
[White "Hoelter, Dirk"]
[Black "Lachmuth, Mathias"]
[Result "0-1"]
[WhiteElo "1528"]
[BlackElo "1736"]
[PlyCount "50"]
[EventDate "2012.09.15"]
[EventType "team-tourn"]
[EventRounds "9"]
[EventCountry "GER"]
[SourceTitle "EXT 2015"]
[Source "ChessBase"]
[SourceDate "2014.11.20"]
[SourceVersion "1"]
[SourceVersionDate "2014.11.20"]
[SourceQuality "1"]
[WhiteTeam "Heiden II"]
[BlackTeam "Emsdetten Rochade"]
[WhiteTeamCountry "GER"]
[BlackTeamCountry "GER"]

1. e4 a6 2. d4 b5 3. Nf3 Nf6 4. e5 Nd5 5. c4 bxc4 6. Bxc4 Nb6 7. Bb3 e6 8. 0-0 Bb7 9. Nc3 Be7 10. Re1 0-0 11. Bc2 d6 12. Qd3 g6 13. Ne4 N8d7 14. Qe3 Bxe4 15. Bxe4 Rb8 16. Qh6 Re8 17. Bg5 Nd5 18. Bxd5 exd5 19. e6 fxe6 20. Rxe6 Nf8 21. Rae1 Nxe6 22. Rxe6 Bxg5 23. Nxg5 Qd7 24. Qh3 Rxe6 25. Nxe6 Re8 0-1

[Event "Steinfurt Bezirksliga 1112"]
[Site "Germany"]
[Date "2012.01.07"]
[Round "4.2"]
[White "Radisic, Sascha"]
[Black "Lachmuth, Mathias"]
[Result "0-1"]
[WhiteElo "1656"]
[BlackElo "1743"]
[PlyCount "110"]
[EventDate "2011.10.01"]
[EventType "team-tourn"]
[EventRounds "9"]
[EventCountry "GER"]
[SourceTitle "EXT 2013"]
[Source "ChessBase"]
[SourceDate "2012.11.22"]
[SourceVersion "1"]
[SourceVersionDate "2012.11.22"]
[SourceQuality "1"]
[WhiteTeam "Steinfurt II"]
[BlackTeam "Emsdetten Rochade II"]
[WhiteTeamCountry "GER"]
[BlackTeamCountry "GER"]

1. Nf3 b5 2. c4 b4 3. g3 Bb7 4. Bg2 e6 5. d4 Nf6 6. 0-0 Be7 7. Nbd2 0-0 8. Qc2 d6 9. e3 Nbd7 10. b3 a5 11. Bb2 c5 12. Rfd1 Qc7 13. Rac1 Rac8 14. e4 Rfd8 15. d5 e5 16. Bh3 Ra8 17. Nh4 g6 18. Rf1 Bc8 19. Rce1 Nh5 20. Ndf3 Ndf6 21. Bg2 Bg4 22. h3 Bd7 23. Bc1 Qc8 24. Kh2 Ne8 25. g4 Bxg4 26. hxg4 Qxg4 27. Bh3 Qxh4 28. Nxh4 Bxh4 29. Rg1 Neg7 30. Bg5 Bxg5 31. Rxg5 Nf4 32. Reg1 h6 33. R5g4 Kh7 34. Qd2 g5 35. Qe3 a4 36. R4g3 axb3 37. axb3 Ra2 38. Bg4 Rda8 39. Rf1 Rc2 40. Bd7 Ngh5 41. Rf3 Rc3 42. Rxf4 Nxf4 43. Qd2 Rxb3 44. f3 Rd3 45. Qb2 Raa3 46. Kg3 Nh5+ 47. Kg2 Nf4+ 48. Kg3 Re3 49. Kg4 Kg6 50. Bf5+ Kg7 51. Qh2 Re2 52. Rf2 Raa2 53. Rxe2 Rxe2 54. Qxe2 Nxe2 55. Bd7 Nc3 0-1

[Event "Steinfurt Bezirksliga 1112"]
[Site "Germany"]
[Date "2011.11.05"]
[Round "2.1"]
[White "Lachmuth, Mathias"]
[Black "Meinert, Dominik"]
[Result "1/2-1/2"]
[WhiteElo "1743"]
[BlackElo "1482"]
[PlyCount "67"]
[EventDate "2011.10.01"]
[EventType "team-tourn"]
[EventRounds "9"]
[EventCountry "GER"]
[SourceTitle "EXT 2013"]
[Source "ChessBase"]
[SourceDate "2012.11.22"]
[SourceVersion "1"]
[SourceVersionDate "2012.11.22"]
[SourceQuality "1"]
[WhiteTeam "Emsdetten Rochade II"]
[BlackTeam "Steinfurt III"]
[WhiteTeamCountry "GER"]
[BlackTeamCountry "GER"]

1. Nf3 Nc6 2. d4 d5 3. e3 Nf6 4. b3 Bf5 5. Bb2 e6 6. Bb5 Bd6 7. c4 Bb4+ 8. Nbd2 0-0 9. Bxc6 bxc6 10. a3 Bxd2+ 11. Nxd2 Qe7 12. 0-0 Nd7 13. c5 e5 14. Qh5 g6 15. Qd1 Rab8 16. Re1 a5 17. e4 dxe4 18. Nxe4 Bxe4 19. Rxe4 Qe6 20. Re3 Rb7 21. Rb1 Rfb8 22. Ba1 Qd5 23. Qf3 exd4 24. Qxd5 cxd5 25. Bxd4 c6 26. Kf1 Rb5 27. a4 Rb4 28. Rd1 Rxb3 29. Re7 Rb1 30. Ke2 Rxd1 31. Kxd1 Rd8 32. Kc2 Kf8 33. Re3 Re8 34. Bg7+ 1/2-1/2

[Event "Steinfurt Bezirksliga 1112"]
[Site "Germany"]
[Date "2011.10.01"]
[Round "1.2"]
[White "Lachmuth, Mathias"]
[Black "Schneider, Richard2222"]
[Result "1-0"]
[WhiteElo "1743"]
[BlackElo "1600"]
[PlyCount "65"]
[EventDate "2011.10.01"]
[EventType "team-tourn"]
[EventRounds "9"]
[EventCountry "GER"]
[SourceTitle "EXT 2013"]
[Source "ChessBase"]
[SourceDate "2012.11.22"]
[SourceVersion "1"]
[SourceVersionDate "2012.11.22"]
[SourceQuality "1"]
[WhiteTeam "Emsdetten Rochade II"]
[BlackTeam "Emsdetten Rochade III"]
[WhiteTeamCountry "GER"]
[BlackTeamCountry "GER"]

1. Nf3 d5 2. b3 e6 3. e3 Nf6 4. Bb2 Be7 5. d4 c5 6. Nbd2 Bd7 7. g3 Nc6 8. Bg2 Rc8 9. 0-0 cxd4 10. exd4 Nb4 11. c4 Nd3 12. Bc3 b5 13. Ne5 b4 14. Nxd3 bxc3 15. Nf3 dxc4 16. bxc4 Qa5 17. c5 Ba4 18. Qe1 Bb5 19. Nfe5 Ng4 20. Qe4 Nxe5 21. Nxe5 Bxf1 22. Bxf1 0-0 23. Bd3 g6 24. h4 Qa3 25. h5 Qb2 26. Rb1 Qd2 27. Nd7 Rfd8 28. c6 Qxa2 29. hxg6 fxg6 30. Rb5 Qd2 31. Qxe6+ Kh8 32. Qe5+ Kg8 33. Bc4# 1-0

[Event "Muensterland Verbandsklasse-A 1112"]
[Site "Germany"]
[Date "2011.09.17"]
[Round "1.6"]
[White "Tuente, Hans"]
[Black "Lachmuth, Mathias"]
[Result "1/2-1/2"]
[WhiteElo "1594"]
[BlackElo "1753"]
[PlyCount "51"]
[EventDate "2011.09.17"]
[EventType "team-tourn"]
[EventRounds "9"]
[EventCountry "GER"]
[SourceTitle "EXT 2013"]
[Source "ChessBase"]
[SourceDate "2012.11.22"]
[SourceVersion "1"]
[SourceVersionDate "2012.11.22"]
[SourceQuality "1"]
[WhiteTeam "Bocholt II"]
[BlackTeam "Emsdetten Rochade"]
[WhiteTeamCountry "GER"]
[BlackTeamCountry "GER"]

1. d4 Nf6 2. Nc3 e6 3. Bg5 Be7 4. Nf3 b6 5. e4 Bb7 6. Bd3 d6 7. 0-0 Nbd7 8. Re1 0-0 9. h3 c5 10. e5 Nd5 11. Bxe7 Qxe7 12. exd6 Qxd6 13. Ne4 Qc7 14. dxc5 Nxc5 15. Nxc5 Qxc5 16. Re5 Qe7 17. c3 Nf4 18. Bf1 Rad8 19. Nd4 f6 20. Re3 e5 21. Qc2 Qd7 22. Nf3 Bxf3 23. Rxf3 Qd2 24. Qb3+ Kh8 25. g3 Ng6 26. Re1 1/2-1/2

[Event "Muensterland Verbandsklasse-A 0910"]
[Site "Germany"]
[Date "2010.03.20"]
[Round "8.2"]
[White "Reinhold, Klaus"]
[Black "Lachmuth, Mathias"]
[Result "1-0"]
[WhiteElo "1932"]
[BlackElo "1726"]
[PlyCount "43"]
[EventDate "2009.09.19"]
[EventType "team-tourn"]
[EventRounds "9"]
[EventCountry "GER"]
[SourceTitle "EXT 2011"]
[Source "ChessBase"]
[SourceDate "2010.11.26"]
[SourceVersion "1"]
[SourceVersionDate "2010.11.26"]
[SourceQuality "1"]
[WhiteTeam "Gronau"]
[BlackTeam "Emsdetten Rochade II"]
[WhiteTeamCountry "GER"]
[BlackTeamCountry "GER"]

1. d4 d5 2. c4 c6 3. Nf3 Nf6 4. Nc3 e6 5. e3 Nbd7 6. b3 a6 7. Qc2 Bd6 8. Be2 b5 9. 0-0 0-0 10. e4 dxe4 11. Nxe4 Nxe4 12. Qxe4 Nf6 13. Qh4 h6 14. Rd1 Nh7 15. Qe4 Nf6 16. Qxc6 Ra7 17. cxb5 Rc7 18. Qa8 Qd7 19. Ne5 Bxe5 20. dxe5 Nd5 21. Ba3 Bb7 22. Qxf8+ 1-0

[Event "Muensterland Verbandsklasse-B 0809"]
[Site "Germany"]
[Date "2008.11.29"]
[Round "4.1"]
[White "Eiersbrock, Robin"]
[Black "Lachmuth, Mathias"]
[Result "1/2-1/2"]
[WhiteElo "1844"]
[BlackElo "1718"]
[PlyCount "41"]
[EventDate "2008.09.13"]
[EventType "team-tourn"]
[EventRounds "9"]
[EventCountry "GER"]
[SourceTitle "EXT 2010"]
[Source "ChessBase"]
[SourceDate "2010.11.25"]
[SourceVersion "1"]
[SourceVersionDate "2010.11.25"]
[SourceQuality "1"]
[WhiteTeam "Buldern"]
[BlackTeam "Emsdetten Rochade II"]
[WhiteTeamCountry "GER"]
[BlackTeamCountry "GER"]

1. d4 Nf6 2. Nf3 e6 3. c4 b6 4. Nc3 Bb7 5. Bg5 Be7 6. e3 Ne4 7. Nxe4 Bxe4 8. Bf4 d6 9. Be2 Nd7 10. 0-0 0-0 11. Nd2 Bb7 12. Bd3 Nf6 13. Nf3 Ne4 14. Qc2 f5 15. Rac1 g5 16. Bg3 g4 17. Nd2 Nxd2 18. Qxd2 h5 19. e4 fxe4 20. Qh6 exd3 21. Qg6+ 1/2-1/2